High pressure technology : material, design, stress analysis, and applications : presented at the 1988 ASME Pressure Vessels and Piping Conference, Pittsburgh, Pennsylvania, June 19-23, 1988 /

Bibliographic Details
Corporate Authors: Pressure Vessels and Piping Conference Pittsburgh, Pa., American Society of Mechanical Engineers. Pressure Vessels and Piping Division
Other Authors: Khare, Ashok K.
Format: Conference Proceeding Book
Language:English
Published: New York, N.Y. (345 E. 47th St., New York 10017) : American Society of Mechanical Engineers, ©1988.
Series:PVP (Series) ; vol. 148.
Subjects:

MARC

Tag First Indicator Second Indicator Subfields
LEADER 00000cam a2200000 a 4500
001 in00000036149
005 20230802091818.0
008 891003s1988 nyua b 100 0 eng
010 |a  88071351  
019 |a 18198404 
029 1 |a AU@  |b 000006043152 
035 |a (OCoLC)ocm20523601  
035 |a (OCoLC)20523601  |z (OCoLC)18198404 
035 |a (OCoLC)ocm20523601  
040 |a DLC  |b eng  |c DLC  |d BTCTA  |d BUF  |d OCLCO  |d OCLCF  |d OCLCQ  |d OCLCO  |d OCL  |d OCLCO 
050 0 0 |a TA660.T34  |b A76 1988b 
050 1 4 |a TS283  |b .A125 1988 
082 0 0 |a 660/.283  |2 20 
111 2 |a Pressure Vessels and Piping Conference  |d (1988 :  |c Pittsburgh, Pa.) 
245 1 0 |a High pressure technology :  |b material, design, stress analysis, and applications : presented at the 1988 ASME Pressure Vessels and Piping Conference, Pittsburgh, Pennsylvania, June 19-23, 1988 /  |c sponsored by the Pressure Vessels and Piping Division, ASME ; edited by A.K. Khare. 
260 |a New York, N.Y. (345 E. 47th St., New York 10017) :  |b American Society of Mechanical Engineers,  |c ©1988. 
300 |a vi, 145 pages :  |b illustrations ;  |c 28 cm. 
336 |a text  |b txt  |2 rdacontent 
337 |a unmediated  |b n  |2 rdamedia 
338 |a volume  |b nc  |2 rdacarrier 
490 1 |a PVP ;  |v vol. 148 
504 |a Includes bibliographical references. 
650 0 |a Pressure vessels  |v Congresses. 
650 0 |a Materials at high pressures  |v Congresses. 
650 6 |a Récipients sous pression  |v Congrès. 
650 6 |a Matériaux à hautes pressions  |v Congrès. 
650 7 |a Materials at high pressures.  |2 fast  |0 (OCoLC)fst01011902 
650 7 |a Pressure vessels.  |2 fast  |0 (OCoLC)fst01075984 
655 7 |a Conference papers and proceedings.  |2 fast  |0 (OCoLC)fst01423772 
700 1 |a Khare, Ashok K. 
710 2 |a American Society of Mechanical Engineers.  |b Pressure Vessels and Piping Division. 
830 0 |a PVP (Series) ;  |v vol. 148. 
938 |a Baker and Taylor  |b BTCP  |n 88071351 
948 |h HELD BY TXA - 55 OTHER HOLDINGS 
994 |a Z0  |b TXA 
999 f f |s 3203d3be-8746-3e0c-a287-def4f2a16a66  |i ad5af081-d879-35a0-af85-4d85d366baa9  |t 0 
952 f f |p ric  |a Texas A&M University  |b Rellis Campus  |c Joint Library Facility  |s JLF  |d Remote Storage  |t 0  |e TS283 .A255 1988  |h Library of Congress classification  |i unmediated -- volume  |m A14810991195